The titles of Real Madrid - Statistics

General Stats
  • This quiz has been taken 338 times
  • The average score is 9 of 10
Answer Stats
Hint Answer % Correct
Domestic Liga 33
97%
Continent European Cup / UEFA Champions League 12
92%
Domestic Copa del Rey 19
92%
Worldwide FIFA Club World Cup 3
91%
Continent UEFA Super Cup 4
90%
Domestic Copa de la Liga 1
88%
Continent UEFA Cup 2
88%
Worldwide Intercontinental Cup 3
88%
Domestic Copa Eva Duarte 1
85%
Domestic Supercopa de España 10
85%
No matching quizzes found
Score Distribution
Percent of People with Each Score
Percentile by Number Answered
Your Score History
You have not taken this quiz